| 000 | 01156 a2200217 4500 | ||
|---|---|---|---|
| 005 | 20080908114951.0 | ||
| 008 | 080908t xxu||||| |||| 00| 0 hin d | ||
| 010 | _aHIN-79139 | ||
| 020 |
_c250.00 _a8183610897 |
||
| 035 | _aHN-51486 | ||
| 037 | _bD.B.Act / pub | ||
| 082 | _a591 | ||
| 100 | _aशुक्ल, परशुराम | ||
| 245 |
_aभारत का राष्ट्रीय पशु और राज्यों के राज्य-पशु _cपरशुराम शुक्ल |
||
| 246 |
_aBharat ka rashtria pashu aur rajyon ke rajya pashu _bby Parshuram Shukal |
||
| 260 |
_aनई दिल्ली _bराधाकृष्ण प्रकाशन _c2006 |
||
| 270 |
_a7/31,अंसारी रोड,दरियागंज _bनई दिल्ली _e110002 _minfo@radhakrishanprakashan.com |
||
| 300 |
_a192पृ _c22 सेमी (सजिल्द) |
||
| 942 |
_adpl _cHN _k591 / शुक्लप _2ddc _h591 _m शुक्लप |
||
| 999 |
_c1276 _d1276 |
||